000 00919nam a2200277 i 4500
001 bg
245 0 0 _aGeld- und Bankwesen :
_bWirtschaftsdeutsch /
_chrsg. von Rosemarie Buhlmann ; [aut.] Anna Binkowska [et al.] ; Goethe Institut.
250 _a[Wyd.1, dodr.].
260 _aWarschau :
_bPoltext,
_c2003.
300 _a411 s. :
_brys., tab., wykr. ;
_c26 cm.
504 _aBibliogr. s. 409-411.
650 9 _aBanki
_xterminologia
650 9 _aJęzyk niemiecki
650 9 _aPieniądz
_xterminologia
655 _aPodręczniki akademickie
700 1 _aBINKOWSKA, Anna
700 1 _aBUHLMANN, Rosemarie.
_eRed.
020 _a8386890800
040 _cBPK
041 0 _ager
080 _a811.112.2(075.8):336.7
920 _a83-86890-80-0
942 _cKS
008 s pl f |000 0 pol
999 _c44782
_d44782
856 _uhttp://koha.tu.koszalin.pl/cgi-bin/koha/opac-detail.pl?biblionumber=44782
_yKatalog online BPK